First they killed my father : (Record no. 5348)

MARC details
000 -LEADER
fixed length control field 01538nam a22002897a 4500
001 - CONTROL NUMBER
control field 5348
003 - CONTROL NUMBER IDENTIFIER
control field FISKH
005 - DATE AND TIME OF LATEST TRANSACTION
control field 20260211134453.0
008 - FIXED-LENGTH DATA ELEMENTS--GENERAL INFORMATION
fixed length control field 241127b cb ||||| |||| 00| 0 eng d
020 ## - INTERNATIONAL STANDARD BOOK NUMBER
International Standard Book Number 9780060856267
040 ## - CATALOGING SOURCE
Original cataloging agency FISKH
Language of cataloging eng
Transcribing agency FISKH
Modifying agency FISKH
050 ## - LIBRARY OF CONGRESS CALL NUMBER
Classification number DS554.8
082 ## - DEWEY DECIMAL CLASSIFICATION NUMBER
Classification number 959.6042
100 ## - MAIN ENTRY--PERSONAL NAME
Personal name Ung, Loung
245 ## - TITLE STATEMENT
Title First they killed my father :
Remainder of title A daughter of Cambodia remembers/
Statement of responsibility, etc. by Loung Ung
260 ## - PUBLICATION, DISTRIBUTION, ETC.
Place of publication, distribution, etc. New York :
Name of publisher, distributor, etc. Happer Perennial ;
Date of publication, distribution, etc. 2000.
300 ## - PHYSICAL DESCRIPTION
Extent 238 pages :
Other physical details illustrations , maps ;
Dimensions 21 cm .
505 ## - FORMATTED CONTENTS NOTE
Formatted contents note Z <br/>
520 ## - SUMMARY, ETC.
Summary, etc. One of seven children of a high-ranking government official, Loung Ung lived a privileged life in the Cambodian capital of Phnom Penh until the age of five. Then, in April 1975, Pol Pot's Khmer Rouge army stormed into the city, forcing Ung's family to flee and, eventually, to disperse. Loung was trained as a child soldier in a work camp for orphans, her siblings were sent to labor camps, and those who survived the horrors would not be reunited until the Khmer Rouge was destroyed.Harrowing yet hopeful, Loung's powerful story is an unforgettable account of a family shaken and shattered, yet miraculously sustained by courage and love in the face of unspeakable brutality.
521 8# - TARGET AUDIENCE NOTE
Target audience note 920 <br/>
Source Lexile <br/>
521 8# - TARGET AUDIENCE NOTE
Target audience note Z <br/>
Source Raz-PLus <br/>
650 ## - SUBJECT ADDED ENTRY--TOPICAL TERM
Topical term or geographic name entry element Cambodia-Politics and government-1975-1979
Form subdivision Non-fiction
650 ## - SUBJECT ADDED ENTRY--TOPICAL TERM
Topical term or geographic name entry element Political atrocities - Cambodia
Form subdivision Non-fiction
700 ## - ADDED ENTRY--PERSONAL NAME
Personal name Lindgred, Laura
Relator term designer
942 ## - ADDED ENTRY ELEMENTS (KOHA)
Source of classification or shelving scheme Dewey Decimal Classification
Koha item type Books
Suppress in OPAC No
Holdings
Withdrawn status Lost status Source of classification or shelving scheme Damaged status Not for loan Collection Home library Current library Shelving location Date acquired Total Checkouts Full call number Barcode Date last seen Date last checked out Price effective from Koha item type
    Dewey Decimal Classification     Non-Fiction Footprints International School Library Network Toul Tom Poung Campus Footprints International School Library Network Toul Kork Campus TTP Secondary Non-Fiction Bookshelves 11/27/2024 3 UNG 959.6042 DS554.8 FISSE03175 02/11/2026 01/14/2026 11/27/2024 Books